Quizzes
Events
Quiz Creation
Community
Videos
Private Events
Remove Ads
Sign In
Join for FREE
Feedback
Dark Mode
Quiz Categories
Sports
Geography
Music
Movies
Television
Just For Fun
Miscellaneous
History
Literature
Language
Science
Gaming
Entertainment
Religion
Holiday
For Kids
Quiz Lab
Recent
Popular Today
Quiz Kudos Today
Editor Picks
Curator Picks
Quizzes by...
Day
Popularity
Type
Ratings
Length
Year
Community
Subscriptions
Recent Discussions
Orange Saloon
Badges
Playlists
Quests
Create
Leaderboards
Showdown
Live 5
Trivia Bingo
Activity
Puzzle Library
Sporcle Events
Private Events
Virtual Trivia
Globe League
Become a Host
Pub Owners
SporcleCon
Opinionation
Our Games
Videos
Blog
Mobile Apps
Partnerships
Remove Ads and Go Orange
Feedback
Miscellaneous
Crossword
General Knowledge
Baby Names
Logo
Food
Cars
Numbers
Grab Bag
University
College
Popular
Company
Slogans
Restaurants
Justice
Letter
Miscellaneous
Crossword
General Knowledge
Baby Names
Logo
Food
Cars
Numbers
Grab Bag
University
College
Popular
Company
Slogans
Restaurants
Justice
Letter
Random Quiz
Search Sporcle
×
Quiz Lab
Quiz Lab
Miscellaneous
stuff
Type in answers that appear in a list
Type in answers that appear in a list
Classic
Best Score? Go Orange.
The UK Monarchy Stats
Can you list the monarchy shiz?
By
Jaggro
10m
26 Questions
20 Plays
20 Plays
20 Plays
Comments
Comments
Give Quiz Kudos
Give Quiz Kudos
-
- Ratings
hide this ad
Replay
Link that replays current quiz
Next Quiz
Link to next quiz in quiz playlist
You Got
0%
They Got
Avg Score
26%
Avg Friend Score
Upgrade to see
Score Distribution
Jump to the score distribution portion of the page
Score
0/26
Timer
10:00
0
Plays Today
Hint
Answer
% Correct
Title
Head of State
75%
Title
Head of the Church of England
60%
Title
Head of Commonwealth
50%
Title
Commander in Chief
35%
Duty
Queen's Speech
35%
Funding -
Sovereign Grant
Civil list
35%
Funding -
Other
Privy Purse
35%
Notional Power
Queen's Speech
35%
Funding -
Sovereign Grant
Grants-in-aid
25%
Funding -
Other
Personal
25%
Notional Power
Appointing Prime Minister
25%
Notional Power
Accepting resignation of Prime Minister
25%
Title
Head of Executive, Legislature and Judiciary
20%
Hint
Answer
% Correct
Duty
State visits
20%
Duty
Entertaining Heads of State
20%
Duty
Trooping the colour
20%
Duty
Granting honours
20%
Funding -
Sovereign Grant
Royal Travel Grant
20%
Notional Power
Dissolving Parliament
20%
Notional Power
Prorogation of Parliament
20%
Duty
Weekly meeting with Prime Minister
15%
Notional Power
Appointing ministers
15%
Notional Power
Royal Assent to Parliamentary Bills
15%
Notional Power
Declaring war and peace
10%
Notional Power
Royal pardons
10%
Notional Power
Honours and peerages
5%
Quiz Playlist
Details
Report
Send in Message
Add To Playlist
Classic:
Type in answers that appear in a list
Last Updated: Feb 16, 2017
Quiz Scoreboard
CHALLENGE
Sign Up to Join the Scoreboard
Show All
Scores
Hide
Comments
May contain spoilers
Recently Published
An Introduction to Baseball
by treessimontrees
Sports
5m
Movies - When Are They Set?
by FPL_Elf
Movies
5m
Popular People in 1961
by mucciniale
History
6m
More to Explore
Quiz From the Vault
Featured Blog Post
Where Did the Easter Bunny Come From?
hide this ad
You Might Also Like...
Tags
stuff
Today's Top Quizzes in Miscellaneous
Browse Miscellaneous
hide this ad
Today's Top Quizzes in stuff
Browse stuff
Top Contributed Quizzes in Miscellaneous
1
5-to-1: Fast Food
2
The JOE quick-fire general knowledge quiz: Day 173
3
The JOE quick-fire general knowledge quiz: Day 172
4
Sunday Crossword: Famous Bodies of Water
5
The JOE quick-fire general knowledge quiz: Day 171
6
One Thing in Common: United Kingdom II
7
Named After an Animal - Odd One Out!
8
The JOE quick-fire quiz: Day 170
9
sort kpop groups by number of members
10
Sunday Crossword: Themeless #5
Explore More
Trending Topics
Harry Potter
Disney
Marvel
Anime
NBA
Kpop
Crossword
Song
WWE
Soccer
Country
NFL
The Office
Pokémon
Puzzle
hide this ad
More By:
Jaggro
Quiz
Plays
Rating
Category
Featured
Created
The UK Monarchy
20
2.33
Miscellaneous
May 14, 2014
Local Government
16
Miscellaneous
May 15, 2014
The Constitution
11
Miscellaneous
May 14, 2014
Go to Creator's Profile
Score Distribution
Quiz Creator Spotlight
Jaggro
Follow
Send a Message
Quizzes Created
-
Created Quiz Play Count
-
More By This Creator
Popular Quizzes Today
1
Find the Countries of Europe - No Outlines Minefield
2
Find the US States - No Outlines Minefield
3
The Countries of the World
4
Popular People in 1961
5
US States
6
1-10 Letter E Words III
7
Find the US States
8
One Thing in Common: World Cities II
More Miscellaneous Quizzes
Sporclin' Through the 2000s II
Published
Trending Quizzes
Risky Map Clicking: Least Populous States A-Z
1-10 Letter F Words
1-10 Letter G Words
One Thing in Common: United Kingdom
Risky Map Clicking: Next State Alphabetically
Recently Updated
Leaping Animals
pecheneg
Reality TV Shows (A-Z)
bhenderson79
Rickey Henderson's Hall of Fame Teammates
pecheneg
Champions League XIs: Arsenal
pecheneg
Quick Pick: Celebrities in WWE's Hall of Fame
aduchscher
A-Z Keypad Blitz II
pecheneg
Multiple Oscar Actors
pecheneg
Mystery Phrase Blitz: Oscar 'Best Actors'
pecheneg
F. Scott Fitzgerald Novels
LTH
Pick 3 Villains
ddd62291
Trending Topics
Harry Potter
NBA
Disney
Crossword
Kpop
Marvel
Anime
Soccer
Country
Song
The Office
Pokémon
WWE
NFL
Puzzle
Your Account Isn't Verified!
In order to create a playlist on Sporcle, you need to verify the email address you used during registration. Go to your
Sporcle Settings
to finish the process.
Report this User
Report this user for behavior that violates our
Community Guidelines
.
Details:
Send Report
Go to the Sporcle.com Mobile Site →
Comments